Administración de operaciones : (Record no. 151010)

MARC details
000 -CABECERA
campo de control de longitud fija 00902nam a2200241 u 4500
005 - FECHA Y HORA DE LA ÚLTIMA TRANSACCIÓN
campo de control 20210223131427.0
008 - ELEMENTOS DE LONGITUD FIJA--INFORMACIÓN GENERAL
campo de control de longitud fija 101207s2009 es r 000 0 spa d
020 ## - NÚMERO INTERNACIONAL NORMALIZADO PARA LIBROS
Número Internacional Estándar del Libro 9789701070277
035 ## - NÚMERO DE CONTROL DEL SISTEMA
Número de control de sistema UPN01000178907
049 ## - COLECCIÓN
Colección CG
050 #4 - SIGNATURA TOPOGRÁFICA DE LA BIBLIOTECA DEL CONGRESO
Número de clasificación TS155
Número de documento/Ítem CH3.2 2009
100 1# - ASIENTO PRINCIPAL--NOMBRE PERSONAL
Nombre de persona Chase, Richard B.
9 (RLIN) 31393
245 10 - MENCIÓN DE TÍTULO
Título Administración de operaciones :
Resto del título producción y cadena de suministros /
Mención de responsabilidad, etc. Richard B. Chase, F. Robert Jacobs, Nicholas J. Aquilano ; tr. Pilar Mascaró Sacristán.
250 ## - MENCIÓN DE EDICIÓN
Mención de edición 12a ed.
260 ## - PUBLICACIÓN, DISTRIBUCIÓN, ETC.
Lugar de publicación, distribución, etc. México :
Nombre del editor, distribuidor, etc. McGraw-Hill,
Fecha de publicación, distribución, etc. c2009.
300 ## - DESCRIPCIÓN FÍSICA
Extensión 776 p. :
Otras características físicas il. col. +
Material acompañante/anejo 1 CD-ROM ; 4 3/4 plg.
500 ## - NOTA GENERAL
Nota general El CD-ROM solicítalo en el Mostrador de Préstamo
534 ## - NOTA SOBRE LA VERSIÓN ORIGINAL
Frase introductoria Traducción de:
Mención de título del original Operations and supply management
650 #4 - ASIENTO SECUNDARIO DE MATERIA - TERMINO TEMATICO
Término de materia o nombre geográfico como elemento de entrada PRODUCCION -
Subdivisión general ADMINISTRACION
9 (RLIN) 13583
700 1# - ASIENTO SECUNDARIO--NOMBRE DE PERSONAL
Nombre de persona Jacobs, F. Robert,
Término indicativo de función/relación coaut.
700 1# - ASIENTO SECUNDARIO--NOMBRE DE PERSONAL
Nombre de persona Aquilano, Nicholas J.,
Término indicativo de función/relación coaut.
905 ## - TIPO DE MATERIAL
Tipo de material Libro
Holdings
Estado de retiro Estado de pérdida Fuente del sistema de clasificación o colocación Estado dañado No para préstamo Código de colección Localización permanente Ubicación/localización actual Ubicación en estantería Total de préstamos Clasificación Código de barras Fecha visto por última vez Número de copia Tipo de ítem Koha Fecha de adquisición Precio válido a partir de Nota pública
    Library of Congress Classification     Colección General Bib. Gregorio Torres Quintero Bib. Gregorio Torres Quintero Planta baja 1 TS155 CH3.2 2009 277045 31/12/2020 1 Libro      
    Library of Congress Classification     Colección General Bib. Gregorio Torres Quintero Bib. Gregorio Torres Quintero Planta baja 1 TS155 CH3.2 2009 277046 31/12/2020 1 Libro      
    Library of Congress Classification     Materiales complementarios y otros recursos electrónicos  Bib. Gregorio Torres Quintero Bib. Gregorio Torres Quintero Mostrador de préstamo Planta baja   TS155 CH3.2 2009 339553 12/08/2024 Ej.2 Disco Compacto 12/08/2024 12/08/2024 Solicítalo en el mostrador de préstamo